02196cam a22003734i 4500003000900000005001700009008004100026020003000067035002700097040003300124082002100157245007100178264006700249300003600316336002100352337002500373338002300398504002800421505028000449505091000729526001001639526001001649526001001659526001001669526000801679526000801687526000801695526000801703526000801711526000801719526000801727630005701735700003001792PE-LiUPU20250731173150.0150623s2003 miu rb 000 0 eng d a9780802842756q(Volume 3) a(Sirsi) i9780802842732 aPE-LiUPUbspacPE-LiUPUerda04a220.609bH2522102aA history of biblical interpretation.n1 /cAlan J. Hauser editor. 1aGrand Rapids :bWilliam B. Eerdmans Publishing Company,c2003. a2 volumenes ;c24 centímetros atext2rdacontent aunmediated2rdamedia avolume2rdacarrier aIncluye bibliografía.0 aVolumen 1.aIntroduction and overview. Inner-biblical exegesis in the tanak -- Hebrew into greek: interpretation in, by, and of the septuagent -- Philo of Alexandria as eceget -- Biblical interpretation in the dead sea scrolls -- Interpretation of scripture in the targumim.0 aVolumen 3.aIntroduction and Overview -- The Term "Enlightenment" and Biblical Interpretation -- An Overview of Historical Criticism -- Spinoza and His Influence on Biblical Interpretation -- Schleiermacher as New Testament Scholar and Theologian -- Biblical Interpretation in the Work of F. C. Baur and the Tubingen School -- David Friedrich Strauss and Ludwig Feuerbach: The Rise of Sturm und Drang in Biblical Scholarship -- Textual Criticism of the Hebrew Bible: Masoretes to the Nineteenth Century -- Wilhelm De Wette and His Contemporaries -- Graf and Wellhausen, and Their Legacy -- The Text and Lexicography of the New Testament in the Eighteenth and Nineteenth Centuries -- The Quest for the Historical Jesus and Its Implications for Biblical Interpretation -- Biblical Interpretation in Continental and American Pietism -- Biblical Interpretation in North America Through the Nineteenth Century. aSEG42 aSEG41 aSEG40 aSEG39 aP94 aP87 aP86 aP85 aP77 aP76 aP3504aBibliaxCrítica, interpretación, etc.xHistoria.1 aHauser, Alan J.,eeditor.